| 000 | 00784nmm a2200277 a 4500 | ||
|---|---|---|---|
| 003 | AR-BaBNM | ||
| 005 | 20251128202929.0 | ||
| 008 | 256019s1960 ||||||||||||||000 | spa|| | ||
| 040 | _cAR-BaBNM | ||
| 100 | 1 | _aArce, José | |
| 245 | 1 | 0 |
_aRoca _bsu vida : su obra : 1843-1914. 1 |
| 260 |
_aBuenos Aires _bMinisterio de Educación y Justicia _c1960 |
||
| 300 |
_a387 p. _bláms., mapas |
||
| 500 | _aContiene láminas y mapas desplegables | ||
| 600 | 1 | 4 |
_aRoca, Julio Argentino _d1880-1886 |
| 600 | 0 | 4 |
_aJuarez Celman _d1886-1890 |
| 650 | 4 | _aHISTORIA ARGENTINA | |
| 650 | 4 | _aBIOGRAFIAS | |
| 650 | 4 | _aGENERACION DE 1880 | |
| 650 | 4 | _aCONQUISTA DEL DESIERTO | |
| 650 | 4 | _aUNICATO | |
| 650 | 4 | _aREVOLUCION DE 1890 | |
| 655 | _aBIOGRAFIAS | ||
| 942 | _cBK | ||
| 998 | _cEnrique | ||
| 999 |
_c1201 _d1201 |
||